| 000 | 01018nam a22002652 4500 | ||
|---|---|---|---|
| 001 | 0000025459 | ||
| 005 | 20151217154546.0 | ||
| 008 | 150924s xx 000 0 eng d | ||
| 020 | _a0415180813 : | ||
| 040 |
_aKABU _cKABU |
||
| 100 | 1 |
_aNissanke, Machiko. _@0000186108 |
|
| 245 | 1 | 0 |
_aFinancial Integration and Development : _bLiberalization and reform in sub-saharan Africa / _cby Machiko Nissanke and Ernest Aryeetey. |
| 260 |
_aLondon : _bRoutledge, _c1998. |
||
| 300 | _a xiv, 330p. | ||
| 650 | 0 |
_aFinance--Africa. _@0000186109 |
|
| 908 | _a150924 | ||
| 950 | _@1 | ||
| 999 |
_c11721 _d11721 |
||